书目信息 |
| 题名: |
许宝騄文集
|
|
| 作者: | 许宝騄 , 许宝騄 著 ;北京大学许宝騄文集编辑委员会 编 | |
| 分册: | ||
| 出版信息: | 北京 科学出版社 1981 |
|
| 页数: | 225页 | |
| 开本: | 25cm | |
| 丛书名: | ||
| 单 册: | ||
| 中图分类: | O21-53 , O1-53 | |
| 科图分类: | ||
| 主题词: | 概率论 , 数理统计 , 数学 | |
| 电子资源: | ||
| ISBN: | ||
| 000 | 00922nam0 2200313 45 | |
| 001 | 0181005117 | |
| 005 | 20040521151146.5 | |
| 010 | @dCNY2.35 | |
| 091 | @a13031.1387 | |
| 100 | @a19950526d1981 em y0chiy0121 ea | |
| 101 | 0 | @achi |
| 102 | @aCN@b110000 | |
| 105 | @ay z 000yy | |
| 106 | @ar | |
| 200 | 10 | @a许宝騄文集@AXu Bao Lu Wen Ji@f许宝騄,北京大学许宝騄文集编辑委员会著@FXu Bao Lu,Bei Jing Da Xue Xu Bao Lu Wen Ji Bian Ji Wei Yuan Hui Zhu |
| 210 | @a北京@c科学出版社@d1981 | |
| 215 | @a225页@d25cm | |
| 600 | 0 | @a许宝騄@x文集 |
| 606 | @a概率论 | |
| 606 | @a数理统计 | |
| 606 | 0 | @a数学 |
| 690 | @aO21-53@v3 | |
| 690 | @aO1-53 | |
| 701 | 0 | @a许宝騄@Axu bao@4著 |
| 701 | 0 | @a许宝騄@4著 |
| 711 | 02 | @a北京大学许宝騄文集编辑委员会@ABei Jing Da Xue Xu Bao Lu Wen Ji Bian Ji Wei Yuan Hui@4编 |
| 801 | 0 | @aCN@b上海图书馆@c20040521 |
| 801 | 2 | @aCN@bNLC@c20040521 |
| 905 | @f1@b56621@dO1-53@e87 | |
| 许宝騄文集/许宝騄,北京大学许宝騄文集编辑委员会著.-北京:科学出版社,1981 |
| 225页;25cm |
| ISBN :CNY2.35 |
| ● |
| 相关链接 |
|
|
|
|
正题名:许宝騄文集
索取号:O1-53/87
 
预约/预借
| 序号 | 登录号 | 条形码 | 馆藏地/架位号 | 状态 | 备注 |
| 1 | 0056621 | 001247298 | 第三借阅区/ [索取号:O1-53/87] | 在馆 | |
| 2 | 0056622 | 001247289 | 第二样本阅览室/ [索取号:O1-53/87] | 在馆 |